<?xml version="1.0" encoding="UTF-8"?>
<record
    xmlns:xsi="http://www.w3.org/2001/XMLSchema-instance"
    xsi:schemaLocation="http://www.loc.gov/MARC21/slim http://www.loc.gov/standards/marcxml/schema/MARC21slim.xsd"
    xmlns="http://www.loc.gov/MARC21/slim">

  <leader>00674nam a2200193 a 4500</leader>
  <controlfield tag="005">20240515083746.0</controlfield>
  <controlfield tag="008">2011|s||sp a   g |||||      001 0      </controlfield>
  <datafield tag="020" ind1=" " ind2=" ">
    <subfield code="a">9788498351835</subfield>
  </datafield>
  <datafield tag="041" ind1=" " ind2=" ">
    <subfield code="a">spa</subfield>
  </datafield>
  <datafield tag="092" ind1=" " ind2=" ">
    <subfield code="c">610.03</subfield>
    <subfield code="l">16</subfield>
    <subfield code="s">DIC</subfield>
  </datafield>
  <datafield tag="110" ind1="1" ind2=" ">
    <subfield code="a">Real Academia Nacional de Medicina</subfield>
    <subfield code="9">1875</subfield>
  </datafield>
  <datafield tag="245" ind1=" " ind2=" ">
    <subfield code="a">Diccionario de T&#xE9;rminos M&#xE9;dicos /</subfield>
    <subfield code="c">Real Academia Nacional de Medicina</subfield>
  </datafield>
  <datafield tag="250" ind1=" " ind2=" ">
    <subfield code="a">1a ed. </subfield>
  </datafield>
  <datafield tag="260" ind1=" " ind2=" ">
    <subfield code="a">Madrid:</subfield>
    <subfield code="b">Editorial M&#xE9;dica Panamericana;</subfield>
    <subfield code="c">2011.</subfield>
  </datafield>
  <datafield tag="300" ind1=" " ind2=" ">
    <subfield code="a">1731 p.</subfield>
  </datafield>
  <datafield tag="500" ind1=" " ind2=" ">
    <subfield code="a">Real Academia Nacional de Medicina. (2011). Diccionario de t&#xE9;rminos m&#xE9;dicos. (1a ed.). Madrid : Editorial M&#xE9;dica Panamericana.</subfield>
  </datafield>
  <datafield tag="653" ind1=" " ind2=" ">
    <subfield code="a">Diccionario</subfield>
  </datafield>
  <datafield tag="942" ind1=" " ind2=" ">
    <subfield code="2">ddc</subfield>
    <subfield code="c">BK</subfield>
    <subfield code="0">1</subfield>
  </datafield>
  <datafield tag="999" ind1=" " ind2=" ">
    <subfield code="c">1109</subfield>
    <subfield code="d">1109</subfield>
  </datafield>
  <datafield tag="952" ind1=" " ind2=" ">
    <subfield code="0">0</subfield>
    <subfield code="1">0</subfield>
    <subfield code="2">ddc</subfield>
    <subfield code="4">0</subfield>
    <subfield code="7">0</subfield>
    <subfield code="8">REF</subfield>
    <subfield code="a">BFM</subfield>
    <subfield code="b">BFM</subfield>
    <subfield code="c">REF</subfield>
    <subfield code="d">2012-10-10</subfield>
    <subfield code="e">PROMED</subfield>
    <subfield code="l">0</subfield>
    <subfield code="o">610.03 16 DIC</subfield>
    <subfield code="p">2630</subfield>
    <subfield code="r">2014-11-06</subfield>
    <subfield code="t">Ej. 1</subfield>
    <subfield code="w">2012-10-10</subfield>
    <subfield code="y">REF</subfield>
    <subfield code="z">LIBRO DE CONSULTA. Proyecto PROMED 2012</subfield>
  </datafield>
  <datafield tag="952" ind1=" " ind2=" ">
    <subfield code="0">0</subfield>
    <subfield code="1">0</subfield>
    <subfield code="2">ddc</subfield>
    <subfield code="4">0</subfield>
    <subfield code="7">0</subfield>
    <subfield code="a">BFM</subfield>
    <subfield code="b">BFM</subfield>
    <subfield code="c">CR</subfield>
    <subfield code="d">2012-10-10</subfield>
    <subfield code="e">PROMED</subfield>
    <subfield code="l">16</subfield>
    <subfield code="m">2</subfield>
    <subfield code="o">610.03 16 DIC</subfield>
    <subfield code="p">2631</subfield>
    <subfield code="r">2018-10-29</subfield>
    <subfield code="s">2018-10-25</subfield>
    <subfield code="t">Ej. 2</subfield>
    <subfield code="w">2012-10-10</subfield>
    <subfield code="y">BK</subfield>
    <subfield code="z">Proyecto PROMED, 2012</subfield>
  </datafield>
  <datafield tag="952" ind1=" " ind2=" ">
    <subfield code="0">0</subfield>
    <subfield code="1">0</subfield>
    <subfield code="2">ddc</subfield>
    <subfield code="4">0</subfield>
    <subfield code="7">0</subfield>
    <subfield code="a">BFM</subfield>
    <subfield code="b">BFM</subfield>
    <subfield code="c">CR</subfield>
    <subfield code="d">2012-11-09</subfield>
    <subfield code="l">20</subfield>
    <subfield code="m">3</subfield>
    <subfield code="o">610.03 16 DIC</subfield>
    <subfield code="p">2683</subfield>
    <subfield code="r">2017-08-23</subfield>
    <subfield code="s">2017-08-18</subfield>
    <subfield code="t">ej.3</subfield>
    <subfield code="w">2012-11-09</subfield>
    <subfield code="y">BK</subfield>
    <subfield code="z">Donaci&#xF3;n editorial, Noviembre 2012</subfield>
  </datafield>
  <datafield tag="952" ind1=" " ind2=" ">
    <subfield code="0">0</subfield>
    <subfield code="1">0</subfield>
    <subfield code="2">ddc</subfield>
    <subfield code="4">0</subfield>
    <subfield code="7">0</subfield>
    <subfield code="8">NFIC</subfield>
    <subfield code="a">BFM</subfield>
    <subfield code="b">BFM</subfield>
    <subfield code="c">CR</subfield>
    <subfield code="d">2014-03-28</subfield>
    <subfield code="e">PROMED</subfield>
    <subfield code="g">500.00</subfield>
    <subfield code="l">7</subfield>
    <subfield code="m">3</subfield>
    <subfield code="o">610.03 16 DIC</subfield>
    <subfield code="p">3248</subfield>
    <subfield code="r">2016-11-09</subfield>
    <subfield code="s">2016-11-07</subfield>
    <subfield code="t">Ej. 4</subfield>
    <subfield code="w">2014-03-28</subfield>
    <subfield code="y">BK</subfield>
    <subfield code="z">Compras PROMED 3ER A&#xD1;O Mar/2014</subfield>
  </datafield>
  <datafield tag="952" ind1=" " ind2=" ">
    <subfield code="0">0</subfield>
    <subfield code="1">0</subfield>
    <subfield code="2">ddc</subfield>
    <subfield code="4">0</subfield>
    <subfield code="7">0</subfield>
    <subfield code="8">NFIC</subfield>
    <subfield code="a">BFM</subfield>
    <subfield code="b">BFM</subfield>
    <subfield code="c">CR</subfield>
    <subfield code="d">2014-03-28</subfield>
    <subfield code="e">PROMED</subfield>
    <subfield code="g">500.00</subfield>
    <subfield code="l">2</subfield>
    <subfield code="o">610.03 16 DIC</subfield>
    <subfield code="p">3249</subfield>
    <subfield code="r">2015-09-09</subfield>
    <subfield code="s">2015-09-07</subfield>
    <subfield code="t">Ej. 5</subfield>
    <subfield code="w">2014-03-28</subfield>
    <subfield code="y">BK</subfield>
    <subfield code="z">Compras PROMED 3ER A&#xD1;O Mar/2014</subfield>
  </datafield>
  <datafield tag="952" ind1=" " ind2=" ">
    <subfield code="0">0</subfield>
    <subfield code="1">0</subfield>
    <subfield code="2">ddc</subfield>
    <subfield code="4">0</subfield>
    <subfield code="7">0</subfield>
    <subfield code="8">NFIC</subfield>
    <subfield code="a">BFM</subfield>
    <subfield code="b">BFM</subfield>
    <subfield code="c">CR</subfield>
    <subfield code="d">2014-03-28</subfield>
    <subfield code="e">PROMED</subfield>
    <subfield code="g">500.00</subfield>
    <subfield code="l">16</subfield>
    <subfield code="m">1</subfield>
    <subfield code="o">610.03 16 DIC</subfield>
    <subfield code="p">3250</subfield>
    <subfield code="r">2016-05-06</subfield>
    <subfield code="s">2016-05-04</subfield>
    <subfield code="t">Ej. 6</subfield>
    <subfield code="w">2014-03-28</subfield>
    <subfield code="y">BK</subfield>
    <subfield code="z">Compras PROMED 3ER A&#xD1;O Mar/2014</subfield>
  </datafield>
</record>
